| 000 | 00618nam a22002177a 4500 | ||
|---|---|---|---|
| 003 | OSt | ||
| 005 | 20210314135051.0 | ||
| 008 | 201023b ||||| |||| 00| 0 eng d | ||
| 020 | _a 978-1133954057 | ||
| 040 | _cAllied Books | ||
| 082 |
_a530 _bSER |
||
| 100 |
_aSerway, Raymond A _97830 |
||
| 245 | _aPhysics for scientists and engineers with modern physics | ||
| 250 | _a9th | ||
| 260 |
_aAndover, _bCengage, _c2019. |
||
| 300 |
_axxvii,1484p. _c28cm. |
||
| 526 |
_a0 _b0 _c0 _d530_000000000000000_SER |
||
| 526 |
_a0 _b0 _c0 _d530_000000000000000_SER |
||
| 700 |
_aJewett, John W _918013 |
||
| 942 |
_2ddc _cBK _2ddc |
||
| 999 |
_c554311 _d554311 |
||